| 000 | 00526nam a2200181Ia 4500 | ||
|---|---|---|---|
| 005 | 20250326124931.0 | ||
| 008 | 250326s9999 xx 000 0 und d | ||
| 037 | _aTextbook | ||
| 040 |
_aFMSL _beng _cFMSL |
||
| 041 |
_aeng _2eng |
||
| 084 |
_aX:8D M01 _qFMSL |
||
| 100 |
_aRobinson R I _9738235 |
||
| 245 | 0 |
_aFicial markets: accumulation and allocation of wealth _cRobinson R I; Wrightsman D |
|
| 260 |
_aNY _bNY, McGraw-Hill _c1980 |
||
| 300 | _a508p | ||
| 942 |
_cTB _hX:8D M01 |
||
| 999 |
_c1275824 _d1275824 |
||